| Tag |
First Indicator |
Second Indicator |
Subfields |
| LEADER |
00000cam a2200000 i 4500 |
| 001 |
in00000992513 |
| 005 |
20150927161316.0 |
| 008 |
771031s1971 ilua b s00010 eng d |
| 035 |
|
|
|a (OCoLC)03382231
|
| 035 |
|
|
|9 AEY5766AM
|
| 040 |
|
|
|a AGL
|c AGL
|d m.c.
|d TXA
|d UtOrBLW
|
| 049 |
1 |
|
|a TXA2
|
| 070 |
|
|
|a TD224.I3M52
|
| 090 |
|
|
|a TC424.I3
|b M54 1971
|
| 100 |
1 |
|
|a Miller, Thixton B.
|
| 245 |
1 |
0 |
|a Bureau County surface water resources /
|c by Thixton B. Miller.
|
| 264 |
|
1 |
|a Springfield, Ill. :
|b Illinois Dept. of Conservation, Division of Fisheries,
|c 1971.
|
| 300 |
|
|
|a vi, 55 pages :
|b illustrations
|
| 336 |
|
|
|a text
|b txt
|2 rdacontent
|
| 337 |
|
|
|a unmediated
|b n
|2 rdamedia
|
| 338 |
|
|
|a volume
|b nc
|2 rdacarrier
|
| 504 |
|
|
|a Bibliography: pages 43-44.
|
| 650 |
|
0 |
|a Water resources development
|z Illinois
|z Bureau County.
|
| 650 |
|
0 |
|a Water-supply
|z Illinois
|z Bureau County.
|
| 710 |
1 |
|
|a Illinois.
|b Division of Fisheries.
|
| 999 |
|
|
|a MARS
|
| 999 |
f |
f |
|s 20b511de-018d-37ba-9871-6a9580002d11
|i f9ae5812-952d-3a26-b24b-51c0ce67cbbc
|t 0
|
| 952 |
f |
f |
|p ric
|a Texas A&M University
|b Rellis Campus
|c Joint Library Facility
|d Remote Storage
|t 0
|e TC424.I3 M54 1971
|h Library of Congress classification
|i unmediated -- volume
|m A14814276068
|
| 998 |
f |
f |
|a TC424.I3 M54 1971
|t 0
|l Remote Storage
|